[Event "25th Abu Dhabi Master 2018"]
[Site "Abu Dhabi"]
[Date "2018.08.15"]
[Round "9"]
[White "Mayank Pal"]
[Black "Kigigha, Bomo"]
[Result "1/2-1/2"]
[WhiteElo "2100"]
[BlackElo "2317"]
[Annotator "NA"]
[PlyCount "68"]
[EventDate "2018.08.05"]
[EventType "swiss"]
[EventCountry "UAE"]
[SourceTitle "playchess.com"]
[Source "ChessBase"]
[SourceQuality "1"]

1. Nf3 c5 2. c4 g6 3. g3 Bg7 4. Bg2 Nc6 5. O-O e5 6. Nc3 Nge7 7. d3 O-O 8. a3 d6 9. Rb1 a5 10. Ne1 Be6 11. Nc2 d5 12. cxd5 Nxd5 13. Nxd5 Bxd5 14. Bxd5 Qxd5 15. e4 Qd6 16. Ne3 Nd4 17. Nd5 a4 18. Be3 Nb3 19. Qe2 f5 20. f3 Rf7 21. Kg2 b5 22. Bg1 Bh6 23. Rbd1 Rd8 24. Rfe1 Qc6 25. Nc3 Bg7 26. Be3 Rfd7 27. Bg1 b4 28. Nd5 Rxd5 29. exd5 Qxd5 30. Qc2 Kh8 31. axb4 cxb4 32. Qc4 Qb7 33. d4 Rc8 34. Qe2 exd4 1/2-1/2

[Event "25th Abu Dhabi Master 2018"]
[Site "Abu Dhabi"]
[Date "2018.08.15"]
[Round "9"]
[White "Polakhare Aryan"]
[Black "Isha Sharma"]
[Result "0-1"]
[WhiteElo "1957"]
[BlackElo "2145"]
[Annotator "NA"]
[PlyCount "108"]
[EventDate "2018.08.05"]
[EventType "swiss"]
[EventCountry "UAE"]
[SourceTitle "playchess.com"]
[Source "ChessBase"]
[SourceQuality "1"]

1. e4 e6 2. d4 d5 3. Bd3 dxe4 4. Bxe4 Nf6 5. Bf3 Be7 6. Ne2 O-O 7. O-O c5 8. Nbc3 cxd4 9. Nxd4 a6 10. Re1 h6 11. Bf4 Qb6 12. Nb3 Rd8 13. Qe2 Bd6 14. Bxd6 Rxd6 15. Na4 Qc7 16. c4 Rd8 17. c5 Nc6 18. Nb6 Rb8 19. Rad1 Bd7 20. Nc4 Nb4 21. a3 Nbd5 22. Nca5 b6 23. cxb6 Qxb6 24. Qc4 Rdc8 25. Qh4 Rc2 26. Re2 Rbc8 27. Qd4 Qb5 28. Qe5 Qa4 29. h3 Qb5 30. Rde1 Qb6 31. Qd4 R2c7 32. Qxb6 Nxb6 33. Nd4 Nbd5 34. Rd2 Rb8 35. Be2 Ne4 36. Rdd1 Rxb2 37. Rb1 Rxb1 38. Rxb1 g6 39. Bf1 Kg7 40. Nab3 Nec3 41. Rc1 Ba4 42. Re1 Nb5 43. Re4 Rc3 44. Nxb5 axb5 45. Nd4 Rc1 46. f3 Rd1 47. Nc6 b4 48. Na7 Bc2 49. Kf2 Bxe4 50. fxe4 b3 51. Bc4 b2 52. Ba2 Nc3 53. Nb5 Nxa2 54. a4 b1=Q 0-1